000 00533nam a2200217Ia 4500
003 OSt
005 20220928140131.0
006 a|||||r|||| 00| 0
007 ta
008 220927b |||||||| |||| 00| 0 eng d
024 _a6778
037 _cTextual
040 _aSDCL
_cSDCL
_beng
041 _2eng
_aeng
082 _aX:72, L5
100 _aSwamy Dalip S
245 0 _aMacroeconomic
_b Management and policies
260 _c1975
942 _hX:72, L5
_cTEXL
_2CC
999 _c809963
_d809963